Alexander Dumas' The Count of Monte Cristo / (Record no. 1220)

MARC details
000 -LEADER
fixed length control field 01838nam a2200325 a 4500
005 - DATE AND TIME OF LATEST TRANSACTION
control field 20260322212051.0
008 - FIXED-LENGTH DATA ELEMENTS--GENERAL INFORMATION
fixed length control field data
020 ## - INTERNATIONAL STANDARD BOOK NUMBER
International Standard Book Number 0788838121
020 ## - INTERNATIONAL STANDARD BOOK NUMBER
International Standard Book Number 9780788838125
040 ## - CATALOGING SOURCE
Original cataloging agency Donation
099 ## - LOCAL FREE-TEXT CALL NUMBER (OCLC)
Classification number DVD 733
001 - CONTROL NUMBER
control field data
245 10 - TITLE STATEMENT
Title Alexander Dumas' The Count of Monte Cristo /
Medium [videorecording]
Statement of responsibility, etc. Alexandre Dumas.
246 #0 - VARYING FORM OF TITLE
Title proper/short title Count of Monte Cristo.
250 ## - EDITION STATEMENT
Edition statement Widescreen.
260 ## - PUBLICATION, DISTRIBUTION, ETC.
Place of publication, distribution, etc. Burbank, CA
Name of publisher, distributor, etc. Touchstone Home Entertainment : distributed by Buena Vista Home Entertainment
Date of publication, distribution, etc. c2002
300 ## - PHYSICAL DESCRIPTION
Extent DVD, 5.1 Dolby digital. 1 videodisc (131 min.) :
Other physical details sd., col. ;
Dimensions 4 3/4 in.
500 ## - GENERAL NOTE
General note Also issued on VHS.
500 ## - GENERAL NOTE
General note Based on the novel by Alexander Dumas.
500 ## - GENERAL NOTE
General note Cast: Jim Caviezel, Guy Pearce, Richard Harris.
500 ## - GENERAL NOTE
General note MPAA rating: PG-13.
500 ## - GENERAL NOTE
General note Special features: commentary by Kevin Reynolds; theatrical trailer; The Pen (feature on Alexandre Dumas); adapting a classic (screenwriting feature); The Napoleonic World (production design feature); The Clash Of Steel (fight choreography feature); deleted scenes; sword choreography; the final duel; layer by layer sound design; Edmonds escape.
520 ## - SUMMARY, ETC.
Summary, etc. An innocent man, Edmond Dantes, is imprisoned for years on a godforsaken island while the friend who betrayed him takes Dantes ravishing fianc ̌for himself. Dantes eventually escapes, recovers a fortune in buried pirate treasure, transforms himself into the mysterious Count of Monte Cristo, and methodically goes about exacting his revenge.
650 #4 - SUBJECT ADDED ENTRY--TOPICAL TERM
Topical term or geographic name entry element Adventure films.
650 #0 - SUBJECT ADDED ENTRY--TOPICAL TERM
Topical term or geographic name entry element Revenge
General subdivision Drama
650 #0 - SUBJECT ADDED ENTRY--TOPICAL TERM
Topical term or geographic name entry element France
General subdivision History
Form subdivision Drama
700 1# - ADDED ENTRY--PERSONAL NAME
Personal name Dumas, Alexandre,
Dates associated with a name 1802-1870. Comte de Monte-Cristo. English.
730 ## - ADDED ENTRY--UNIFORM TITLE
Uniform title Count of Monte Cristo (Motion picture : 2002)
856 41 - ELECTRONIC LOCATION AND ACCESS
Uniform Resource Identifier <a href="https://images-na.ssl-images-amazon.com/images/I/81LQ9cBF%2BSL._SY445_.jpg">https://images-na.ssl-images-amazon.com/images/I/81LQ9cBF%2BSL._SY445_.jpg</a>
Holdings
Withdrawn status Lost status Damaged status Not for loan Home library Current library Shelving location Date acquired Total checkouts Full call number Barcode Date last seen Price effective from Koha item type
        Pleasant Valley Pleasant Valley General stacks 22/03/2026   GEN BC0011260 22/03/2026 22/03/2026 Books